Ritual de los sacramentos

Guardat en:
Dades bibliogràfiques
Autor corporatiu: Comisión Episcopal Española de Liturgia (autor)
Format: Llibre
Idioma:espanyol
Publicat: Barcelona Litúrgica Española S. A 1966
Edició:1a. ed
Matèries:
Etiquetes: Afegir etiqueta
Sense etiquetes, Sigues el primer a etiquetar aquest registre!

MARC

LEADER 00000cam a2200000 a 4500
001 UCE5696
003 CL-VaPUC
008 150305e19660000sp |||||||||||||||||spa|d
082 0 4 |a 265  |b COM  |2 21 
110 |a Comisión Episcopal Española de Liturgia  |e autor  |9 578362 
245 1 0 |a Ritual de los sacramentos 
250 |a 1a. ed 
300 |a 267 p 
942 |c BK 
945 |d 20150305 12:52:00  |a dcastane 
260 |a Barcelona  |b Litúrgica Española S. A  |c 1966 
650 0 |a Liturgia católica  |9 516111 
650 0 |a Sacramentos   |9 257270 
650 0 |a Ritos sagrados  |9 389594 
583 |a last modification  |c 20150305 12:52:00  |k Rodrigo Vera 
999 |c 358330  |d 358328 
952 |0 0  |1 0  |3 erb  |4 0  |6 265_000000000000000_COM_1966  |7 0  |8 A  |9 466964  |a BIBTEO  |b BIBTEO  |i 5152399  |o 265 COM 1966  |p 5152399  |r 2025-01-17  |w 2019-11-23  |y BK  |z Catalogado en:20150305  |k ICR